| 000 | 00976nam a2200325 c 4500 | ||
|---|---|---|---|
| 003 | BLK | ||
| 005 | 20190913121242.0 | ||
| 008 | 180911b bul|||||r ||||||| ||bul|| | ||
| 010 | _a003197 | ||
| 040 | _aBLK | ||
| 041 | _aDEU | ||
| 080 | _z830-6 | ||
| 100 | 1 |
_aGOETHE, Christiane von _eпърви автор |
|
| 245 | 0 | 0 | _aBriefe von Goethes Mutter |
| 246 | _pепос-писма | ||
| 260 |
_aLeipzig _bPhilipp Reclam _cs.a |
||
| 300 |
_a296, 13 с _c14 см |
||
| 380 | _a82 | ||
| 490 | _aUniv.-Bibl | ||
| 490 |
_aЧастна колекция - Академик Михаил Арнаудов _gДарение - Основен фонд |
||
| 520 | _aМихаил Арнаудов: подпис | ||
| 600 |
_9 _aMiniatur-Ausg. |
||
| 653 |
_9 _aепос |
||
| 653 |
_9 _aписма |
||
| 655 | _aнемска литература | ||
| 700 | 1 | _aChristiane von Goethe | |
| 700 | 1 | _a Hrsg. Philipp Stein | |
| 852 | _aМА 823 | ||
| 942 |
_cKNG _n0 |
||
| 944 |
_aCR _c1996 _kValK |
||
| 999 |
_c343536 _d343536 |
||